000 01112nam a2200265 a 4500
003 EG-GiCUC
005 20250223030007.0
008 091224s1954 ua b f m 000 0 ara d
040 _aEG-GiCUC
_bara
_cEG-GiCUC
041 0 _aara
049 _aايداع
097 _aدكتوراه
099 _aCai01.02.03.Ph.D.1954.عب.ح
100 0 _aعبدالشافى غنيم عبدالقادر
245 1 0 _aحالة المسلمين الثقافية والاجتماعية بجزيرة صقلية فى العصر النورمندى1091 - 1268م /
_cعبدالشافى غنيم عبدالقادر ؛ اشراف حسن ابراهيم حسن
260 _aالقاهرة :
_bعبدالشافى غنيم عبدالقادر :
_c1954
300 _a318ورقة :
_bخرائط ؛
_c30سم
502 _aاطروحة (دكتوراه) - جامعة القاهرة - كلية الاداب - قسم التاريخ
700 0 _aحسن ابراهيم حسن :
_eمشرف
856 _uhttp://172.23.153.220/th.pdf
902 _a1
905 _aFatma
_eCataloger
905 _aNazla
_eRevisor
942 _2ddc
_cTH
999 _c25103
_d25103